[Event "AUTO-INT-771"]
[Site "http://www.queenalice.com/game.php?id=388325"]
[Date "2008.4.15"]
[Round "2"]
[White "rictad"]
[Black "carpe_diem"]
[Result "0-1"]
[WhiteElo "1700"]
[BlackElo "1766"]

1. e4 c5 2. Nc3 Nc6 3. Nf3 Nf6 4. d4 cxd4 5. Nxd4 e5 6. Nxc6 bxc6 7. Bg5 Bb7 8.
Bd3 d5 9. exd5 cxd5 10. Bb5+ Ke7 11. Qd2 g6 12. O-O Qd6 13. Ba6 Qxa6 14. Nxd5+
Bxd5 15. Qxd5 Bg7 16. Qxe5+ Qe6 17. Bxf6+ Bxf6 18. Qc7+ Kf8 19. Qb7 Kg7 20. Rfe1
Qf5 21. Rad1 Rhd8 22. Rxd8 Rxd8 23. c4 Rd2 24. Qf3 Qxf3 25. gxf3 Rxb2 26. c5
Rxa2 27. Rc1 Bd8 28. c6 Bc7 29. f4 Kf6 30. Rb1 Bxf4 31. Rb7 Rc2 0-1

[Event "AUTO-INT-771"]
[Site "http://www.queenalice.com/game.php?id=388328"]
[Date "2008.4.15"]
[Round "2"]
[White "J_Ricardo"]
[Black "rictad"]
[Result "0-1"]
[WhiteElo "1574"]
[BlackElo "1673"]

1. e4 e5 2. Nf3 Nc6 3. a3 Nf6 4. Nc3 d5 5. Qe2 dxe4 6. Nxe4 Bf5 7. d3 Bg4 8. h3
Nd4 9. Qd2 Bxf3 10. gxf3 Nxf3+ 11. Ke2 Nxd2 12. Bxd2 Nxe4 13. dxe4 Qf6 14. Rh2
Bc5 15. Be3 Qd6 16. Rd1 Qc6 17. Rg2 O-O 18. b4 Bxe3 19. fxe3 Qxc2+ 20. Rd2 Qxe4
21. Rd7 Qc6 22. Re7 Rae8 23. Rxe8 Rxe8 24. Rf2 e4 25. Ke1 Qc3+ 26. Rd2 Rd8 27.
Be2 Rxd2 28. Kf2 Qc2 29. Kg3 Rxe2 0-1

[Event "AUTO-INT-771"]
[Site "http://www.queenalice.com/game.php?id=388329"]
[Date "2008.4.15"]
[Round "2"]
[White "rictad"]
[Black "J_Ricardo"]
[Result "1-0"]
[WhiteElo "1748"]
[BlackElo "1623"]

1. e4 e5 2. Nf3 d6 3. d4 Qe7 4. Nc3 a6 5. dxe5 dxe5 6. Nd5 Qd6 7. b3 Be6 8. Bc4
Nc6 9. Be3 Nf6 10. Nxf6+ gxf6 11. Qxd6 Bxd6 12. Bxe6 fxe6 13. Nh4 Nb4 14. O-O
Nxc2 15. Rac1 Nxe3 16. fxe3 Bc5 17. Rxc5 O-O-O 18. Rxf6 Rd6 19. Nf3 Kb8 20. Nxe5
b6 21. Rc1 Rd2 22. a4 Re2 23. Rc3 Rd8 24. Nc6+ Kc8 25. Nxd8 Kxd8 26. Rd3+ Ke7
27. Rh6 Re1+ 28. Kf2 Rc1 29. e5 Rc2+ 30. Kg3 Kf7 31. Rd7+ Ke8 32. Rhxh7 Rc1 33.
Rdg7 Kf8 34. Rg6 Rf1 35. Rxc7 Rf7 36. Rc6 b5 37. Rxa6 bxa4 38. bxa4 Ke7 39.
Rgxe6+ Kf8 40. Rf6 Ke8 41. Rxf7 Kxf7 42. e6+ Ke7 43. Rb6 Ke8 44. a5 Ke7 45. a6
Kd8 46. a7 Kc7 47. Rb3 Kd6 48. a8=Q Kxe6 49. Rb5 1-0

[Event "AUTO-INT-895"]
[Site "http://www.queenalice.com/game.php?id=400274"]
[Date "2008.5.9"]
[Round "1"]
[White "I_might_be_a_duck"]
[Black "rictad"]
[Result "0-1"]
[WhiteElo "1667"]
[BlackElo "1696"]

1. e4 e5 2. f4 exf4 3. Nf3 Nf6 4. Nc3 Nc6 5. Bc4 Be7 6. Ng5 Ne5 7. Bb3 d6 8. O-O
Bg4 9. Qe1 Nh5 10. Nf3 Nxf3+ 11. gxf3 Bh3 12. Nd5 Bxf1 13. Qxf1 c5 14. Ba4+ Kf8
15. Qh3 g6 16. d3 Bg5 17. Bd2 Bf6 18. Bxf4 Bxb2 19. Rb1 Nxf4 20. Nxf4 Qg5+ 21.
Ng2 Bd4+ 22. Kh1 a6 23. Rxb7 Qc1+ 24. Ne1 Qxe1+ 0-1

[Event "AUTO-INT-895"]
[Site "http://www.queenalice.com/game.php?id=400275"]
[Date "2008.5.9"]
[Round "1"]
[White "rictad"]
[Black "I_might_be_a_duck"]
[Result "0-1"]
[WhiteElo "1759"]
[BlackElo "1559"]

1. e4 e5 2. Nf3 Nc6 3. Bc4 Bc5 4. Ng5 Qxg5 5. d4 Qxg2 6. Rf1 Qxe4+ 7. Be3 Nxd4
8. Nc3 Nf3+ 9. Ke2 Qxc4+ 10. Kxf3 d6 11. Bxc5 Bg4+ 0-1

[Event "AUTO-INT-895"]
[Site "http://www.queenalice.com/game.php?id=400292"]
[Date "2008.5.9"]
[Round "1"]
[White "rictad"]
[Black "SGF"]
[Result "0-1"]
[WhiteElo "1722"]
[BlackElo "1608"]

1. e4 e5 2. Nf3 Qf6 3. Bc4 Bc5 4. d3 h6 5. b3 Bd4 6. Nxd4 exd4 7. Bb2 Qg6 8. Qf3
d6 9. Bxd4 Nc6 10. Bc3 Nf6 11. Bxf6 gxf6 12. Nc3 Nd4 13. Qd1 Qxg2 14. Kd2 Qxf2+
15. Kc1 Bg4 16. Qd2 Qf3 17. Kb2 a5 18. h4 a4 19. a3 axb3 20. e5 bxc2 21. Bd5 Qf5
22. Rhf1 Qxe5 23. Rfe1 Ne2 24. Qxc2 Ra5 25. Kb3 c6 26. Bc4 b5 27. Nxe2 bxc4+ 28.
Ka2 cxd3 29. Qxc6+ Bd7 30. Nd4 Bxc6 31. Nxc6 Qxe1 32. Rxe1+ Re5 33. Nxe5 fxe5
34. Rg1 f5 35. a4 e4 36. a5 e3 37. a6 d2 38. a7 Kd7 0-1

[Event "AUTO-INT-895"]
[Site "http://www.queenalice.com/game.php?id=400293"]
[Date "2008.5.9"]
[Round "1"]
[White "SGF"]
[Black "rictad"]
[Result "1-0"]
[WhiteElo "1613"]
[BlackElo "1716"]

1. e4 e5 2. Qh5 Nf6 3. Qf3 b6 4. Bc4 Bc5 5. d3 Bb7 6. Bg5 Be7 7. Qg3 Nh5 8. Qf3
Nf6 9. Bxf6 Bxf6 10. Nh3 d6 11. Ng5 d5 12. Bxd5 Bxd5 13. exd5 Bxg5 14. d6 cxd6
15. Qxa8 Qc7 16. c3 O-O 17. Qf3 Nd7 18. h4 Bh6 19. h5 g6 20. hxg6 Bc1 21. gxh7+
Kh8 22. a3 Bxb2 23. Ra2 Bxc3+ 24. Ke2 Ba5 25. Qg4 Nf6 26. Qh4 Qe7 27. Rc2 Qd7
28. Qxf6# 1-0

[Event "AUTO-INT-772"]
[Site "http://www.queenalice.com/game.php?id=417802"]
[Date "2008.6.15"]
[Round "2"]
[White "rictad"]
[Black "deckhandsailor"]
[Result "1/2-1/2"]
[WhiteElo "1706"]
[BlackElo "1580"]

1. e4 d5 2. Nc3 Nf6 3. exd5 Bg4 4. Be2 Bxe2 5. Ngxe2 Nxd5 6. d4 Nxc3 7. Nxc3 e6
8. O-O c6 9. Qd3 Na6 10. a3 Bd6 11. Ne4 O-O 12. Ng5 f5 13. Qh3 h6 14. Nxe6 Qf6
15. Nxf8 Bxf8 16. Qb3+ Kh7 17. Qxb7 Rd8 18. Qxa6 Rxd4 19. b4 Rg4 20. f3 Rh4 21.
Qxa7 Qxa1 22. Bg5 Qd4+ 23. Qxd4 Rxd4 24. Be3 Rc4 25. Rc1 Rc3 26. Bc5 Bxc5+ 27.
bxc5 Rxa3 28. Rb1 Rc3 29. Rc1 Rxc5 30. c4 Kg6 31. f4 Kh5 32. g3 g5 33. fxg5 Kxg5
34. h4+ Kg4 35. Kg2 f4 36. gxf4 Kxf4 37. Kh3 Re5 38. Rf1+ Ke4 39. Re1+ Kd4 40.
Rxe5 Kxe5 41. Kg4 Kd4 42. Kh5 Kxc4 43. Kxh6 Kd5 44. Kg5 c5 45. Kf4 c4 46. Ke3 c3
47. h5 Ke6 48. h6 Kf7 49. h7 Kg7 50. h8=N c2 51. Kd2 Kxh8 52. Kc1 Kg7 53. Kxc2
Kf6 54. Kd3 1/2-1/2

[Event "AUTO-INT-772"]
[Site "http://www.queenalice.com/game.php?id=417804"]
[Date "2008.6.15"]
[Round "2"]
[White "rictad"]
[Black "zemaria"]
[Result "0-1"]
[WhiteElo "1687"]
[BlackElo "1761"]

1. e4 e5 2. Nf3 Nc6 3. Nc3 d6 4. Bc4 h6 5. Qe2 Be7 6. d3 Bd7 7. O-O Bf6 8. Be3
Qe7 9. Nd5 Qd8 10. Nxf6+ Nxf6 11. Nd2 Qe7 12. Nb3 Be6 13. Bxe6 Qxe6 14. c4 g5
15. c5 Nd7 16. cxd6 Qxd6 17. Qd2 O-O-O 18. Qc3 Qe7 19. d4 f6 20. d5 Nd4 21. Nxd4
exd4 22. Bxd4 Rhf8 23. f3 b6 24. b4 Ne5 25. Qa3 Kb8 26. Qa4 Qd7 27. Qc2 Qb5 28.
a3 Rd6 29. Rac1 Rc8 30. Bxe5 fxe5 31. Qc3 Qe8 32. b5 Qxb5 33. Qxe5 Qd7 34. Rf2
Re8 35. Qc3 Rc8 36. Rfc2 Kb7 37. Qd4 c5 38. dxc6+ Rcxc6 39. Qa4 Qc8 40. Kf2 Qc7
41. Ke3 Re6 42. Rxc6 Rxc6 43. Qxc6+ Qxc6 0-1

[Event "AUTO-INT-772"]
[Site "http://www.queenalice.com/game.php?id=417805"]
[Date "2008.6.15"]
[Round "2"]
[White "zemaria"]
[Black "rictad"]
[Result "1-0"]
[WhiteElo "1812"]
[BlackElo "1720"]

1. e4 e5 2. Nf3 Nc6 3. d4 exd4 4. Nxd4 Bc5 5. Be3 Nf6 6. Nxc6 bxc6 7. Bxc5 d6 8.
Be3 Nxe4 9. Bd3 Bf5 10. f3 Qf6 11. Bxe4 Qxb2 12. Nd2 Bxe4 13. Nxe4 O-O 14. Bd4
Qb4+ 15. Qd2 a5 16. Bc3 Qb5 17. Qd3 d5 18. Qxb5 cxb5 19. Nc5 Rae8+ 20. Kf2 Re7
21. Bxa5 Rfe8 22. Rhe1 g5 23. Rxe7 Rxe7 24. Re1 Rxe1 25. Kxe1 c6 26. Bc3 f5 27.
Bf6 h6 28. Kd2 Kf7 29. Bb2 f4 30. Kd3 Ke7 31. Kd4 Kd6 32. Ba3 1-0

[Event "QA-ANNIV-04"]
[Site "http://www.queenalice.com/game.php?id=418376"]
[Date "2008.6.16"]
[Round "1"]
[White "reginaldox"]
[Black "rictad"]
[Result "1-0"]
[WhiteElo "1722"]
[BlackElo "1732"]

1. b4 e5 2. Bb2 Nc6 3. b5 Nd4 4. e3 Nf5 5. Be2 d5 6. Bxe5 c6 7. bxc6 bxc6 8. Nf3
f6 9. Bb2 Bd6 10. O-O Ngh6 11. d4 O-O 12. c4 Ng4 13. h3 Qb6 14. Qc2 Ngh6 15. c5
Qb4 16. cxd6 Qxd6 17. Nbd2 g5 18. Bd3 g4 19. hxg4 Nxg4 20. Bxf5 1-0

[Event "QA-ANNIV-04"]
[Site "http://www.queenalice.com/game.php?id=445674"]
[Date "2008.8.8"]
[Round "2"]
[White "rictad"]
[Black "whyBish"]
[Result "0-1"]
[WhiteElo "1708"]
[BlackElo "2053"]

1. e4 c5 2. Nf3 g6 3. d4 cxd4 4. Nxd4 Nc6 5. Nc3 Bg7 6. Be3 Nf6 7. Bc4 O-O 8.
Bb3 a5 9. f3 d5 10. exd5 Nb4 11. a3 Nbxd5 12. Nxd5 Nxd5 13. Bxd5 Qxd5 14. Ne2
Qxd1+ 15. Rxd1 Bxb2 16. Bc5 Bf6 17. Ng3 Be6 18. Ne4 Kg7 19. O-O Bf5 20. Nxf6
Kxf6 21. Rde1 Rfe8 22. f4 e6 23. Bd4+ Ke7 24. c4 Red8 25. Rd1 Bc2 26. Rd2 Bb3
27. c5 a4 28. g4 Rd5 29. Rff2 Rad8 30. Be3 Rd3 31. Rxd3 Rxd3 32. Bd2 Bd1 33. Bb4
Bxg4 34. Rg2 Bd1 35. Rg3 Rxg3+ 36. hxg3 Kd7 37. Kf2 Kc6 38. Ke1 Bb3 0-1

[Event "QA-ANNIV-03"]
[Site "http://www.queenalice.com/game.php?id=446314"]
[Date "2008.8.9"]
[Round "8"]
[White "rictad"]
[Black "SGrillo"]
[Result "1-0"]
[WhiteElo "1705"]
[BlackElo "1679"]

1. e4 e5 2. Nf3 d6 3. Bc4 h6 4. d4 Nc6 5. Bb5 Bd7 6. d5 Nb8 7. Nc3 Bxb5 8. Nxb5
a6 9. Nc3 Be7 10. Be3 Nf6 11. O-O O-O 12. Nh4 Nh7 13. Nf5 Nd7 14. Nxe7+ Qxe7 15.
Qg4 Qf6 16. Qxd7 Rac8 17. Qg4 g5 18. f4 exf4 19. Bxf4 Qg6 20. Be3 Nf6 21. Qf3
Rce8 22. Qxf6 Qxf6 23. Rxf6 Kg7 24. Rf2 f5 25. Bd4+ Kg6 26. Raf1 f4 27. g3 Rf7
28. gxf4 Rxf4 29. Rxf4 gxf4 30. Rxf4 Re7 31. Ne2 1-0

[Event "QA-ANNIV-03"]
[Site "http://www.queenalice.com/game.php?id=469802"]
[Date "2008.9.28"]
[Round "9"]
[White "luizmortagua"]
[Black "rictad"]
[Result "1-0"]
[WhiteElo "1995"]
[BlackElo "1701"]

1. c4 e5 2. g3 Nf6 3. Bg2 Nc6 4. e3 e4 5. Nc3 d5 6. cxd5 Nb4 7. Qa4+ Bd7 8. Qb3
Nd3+ 9. Kf1 Nxc1 10. Rxc1 b6 11. Nxe4 a6 12. Nxf6+ Qxf6 13. d6 Qxd6 14. Bxa8
Qxd2 15. Rxc7 Bb5+ 16. Kg2 Bd7 17. Nf3 Qd6 18. Rhc1 Be7 19. Qd1 O-O 20. Qxd6 1-0

[Event "QA-ANNIV-04"]
[Site "http://www.queenalice.com/game.php?id=479255"]
[Date "2008.10.18"]
[Round "3"]
[White "saraquette"]
[Black "rictad"]
[Result "1-0"]
[WhiteElo "1855"]
[BlackElo "1697"]

1. d4 d5 2. h3 Nc6 3. Nf3 Bf5 4. a3 e6 5. Bf4 Nf6 6. e3 Bd6 7. Be5 O-O 8. c4
Bxb1 9. Bxf6 Bc2 10. Qxc2 Qxf6 11. c5 Be7 12. Bb5 Na5 13. b4 c6 14. Bd3 Nc4 15.
Bxh7+ Kh8 16. Bd3 Bd8 17. Bxc4 dxc4 18. Qxc4 Qg6 19. O-O Bf6 20. Ne5 Bxe5 21.
dxe5 Qg5 22. f4 Qd8 23. Rfd1 Qh4 24. Qe4 Qh7 25. Qd4 Rad8 26. Qxd8 1-0

[Event "QA-ANNIV-04"]
[Site "http://www.queenalice.com/game.php?id=514230"]
[Date "2008.12.29"]
[Round "4"]
[White "rictad"]
[Black "Fischercat"]
[Result "0-1"]
[WhiteElo "1674"]
[BlackElo "1913"]

1. e4 e5 2. Nf3 Qf6 3. d3 Bc5 4. Bg5 Qb6 5. Be3 Bxe3 6. fxe3 Qxe3+ 7. Qe2 Qxe2+
8. Bxe2 d6 9. d4 Bg4 10. dxe5 Bxf3 11. Bxf3 dxe5 12. Nc3 Nf6 13. Nb5 Na6 14.
O-O-O O-O 0-1

[Event "QA-ANNIV-03"]
[Site "http://www.queenalice.com/game.php?id=525004"]
[Date "2009.1.18"]
[Round "10"]
[White "rictad"]
[Black "shiguer"]
[Result "1-0"]
[WhiteElo "1668"]
[BlackElo "1836"]

1. e4 e5 2. Nf3 d6 3. Bc4 h6 4. d4 Nc6 5. dxe5 dxe5 6. Bxf7+ Kxf7 7. Nxe5+ Kf6
8. Ng4+ Ke7 9. Qxd8+ Nxd8 10. Ne5 Kf6 11. f4 g5 12. O-O g4 13. Nc3 c6 14. b3 h5
15. Bb2 g3 16. Nf3 gxh2+ 17. Kxh2 Kf7 18. Ng5+ Ke8 19. Nd5 cxd5 20. Bxh8 dxe4
21. Nxe4 Nh6 22. Nf6+ Kf7 23. Nxh5 Bf5 24. c4 Bc5 25. Kg3 Ne6 26. Be5 Rg8+ 27.
Kf3 1-0

[Event "Challenge"]
[Site "http://www.queenalice.com/game.php?id=683107"]
[Date "2009.11.14"]
[Round "-"]
[White "thedead"]
[Black "rictad"]
[Result "0-1"]
[WhiteElo "1561"]
[BlackElo "1691"]

1. e4 e5 2. Nf3 Nc6 3. d3 Nf6 4. h3 Bc5 5. c3 d5 6. Nbd2 dxe4 7. dxe4 O-O 8. Qc2
Ne7 9. Nxe5 Ng6 10. Nxg6 hxg6 11. Nf3 Qe7 12. Bd3 Bf5 13. O-O Nxe4 14. Bg5 Nxg5
15. Nxg5 Qxg5 0-1

[Event "Challenge"]
[Site "http://www.queenalice.com/game.php?id=703608"]
[Date "2009.12.26"]
[Round "-"]
[White "rictad"]
[Black "thedead"]
[Result "1-0"]
[WhiteElo "1702"]
[BlackElo "1658"]

1. e4 e5 2. Nf3 Nc6 3. Nc3 d6 4. Bc4 Be7 5. d3 Nf6 6. Ng5 O-O 7. Nd5 Nxd5 8.
Nxf7 Kxf7 9. Bxd5+ Be6 10. Qh5+ Kf6 11. Bg5# 1-0